Catálogo

Vista normal Vista MARC

Entrada Personal Name

Número de registros utilizados en: 1

001 - CONTROL NUMBER

  • control field: 14409

003 - CONTROL NUMBER IDENTIFIER

  • control field: DLC

005 - DATE AND TIME OF LATEST TRANSACTION

  • control field: 20230628111627.0

008 - FIXED-LENGTH DATA ELEMENTS

  • fixed length control field: 120210n| azannaabn n aaa

010 ## - LIBRARY OF CONGRESS CONTROL NUMBER

  • LC control number: n 2012009976

040 ## - CATALOGING SOURCE

  • Original cataloging agency: DLC
  • Language of cataloging: spa
  • Description conventions: rda
  • Transcribing agency: Mx-PuUPA
  • Modifying agency: DLC
  • Modifying agency: Mx-PuUPA

046 ## - SPECIAL CODED DATES

  • Birth date: 19420420

100 1# - HEADING--PERSONAL NAME

  • Personal name: Blain, John M.,
  • Dates associated with a name: 1942-

374 ## - OCCUPATION

  • Occupation: Autor

375 ## - GENDER

  • Gender: hombre

377 ## - ASSOCIATED LANGUAGE

  • Language code: eng

670 ## - SOURCE DATA FOUND

  • Source citation: The complete guide to Blender graphics, 2012:
  • Information found: ECIP t.p. (John M. Blain) data v. (b. Apr. 20, 1942)